Účtovná závierka a audit v podniku diplomová práca

Uložené v:
Podrobná bibliografia
Hlavný autor: Duchoslavová, Petra
Korporativný autor: Ekonomická univerzita v Bratislave. Fakulta podnikového manažmentu
Ďalší autori: Foltínová, Alžbeta
Médium: Kniha
Jazyk:Slovak
Vydavateľské údaje: Bratislava 2010
Tagy: Pridať tag
Žiadne tagy, Buďte prvý, kto otaguje tento záznam!

MARC

LEADER 00000nam a2200000 4500
001 0122510
005 20240318123640.6
041 0 |a slo 
044 |a SK 
245 1 0 |a Účtovná závierka a audit v podniku  |b diplomová práca  |c Petra Duchoslavová ; škol. Alžbeta Foltínová 
264 1 |a Bratislava  |c 2010 
100 1 |a Duchoslavová, Petra 
700 1 |a Foltínová, Alžbeta 
710 2 |a Ekonomická univerzita v Bratislave. Fakulta podnikového manažmentu